00929nam a2200277 i 4500001000300000003000400003005001700007008004100024015001600065020001500081020001500096040001400111041000800125080000800133080001700141080000900158245013100167260005900298300003100357504003500388650003600423655002600459700004300485700002500528856009800553bgBPK20191212094223.0980928s1998 pl a |000 0 pol d aPB 12346/98 a8390529556 a8390529548 aWA NcBPK0 apol a001 a929-052(438) a(03)00aWspółcześni uczeni polscy :bsłownik biograficzny.nT. 1,pA - G /cred. nauk. Janusz Kapuścik ; red. t. Marek Halawa. aWarszawa :bOśrodek Przetwarzania Informacji,c1998. a556 s. :bportr. ;c25 cm. aBibliogr. podm. przy hasłach. 4aNaukaxbiografiezPolskay20 w. 4aSłownik biograficzny1 aKapuścik, Januszd(1932-1999).eRed.1 aHalawa, Marek.eRed. uhttp://koha.tu.koszalin.pl/cgi-bin/koha/opac-detail.pl?biblionumber=34480yKatalog online BPK